Založenie a vznik spoločnosti s ručením obmedzeným

Podnikanie formou spol. s r.o. Charakteristické znaky spol. s r.o. Založenie a vznik spol. s r.o. Postavenie spoločnosti v období medzi jej založením a vznikom. Spoločenská zmluva a jej obsah. Obchodné meno spoločnosti. Práva a povinnosti spoločníkov.

Guardado en:
Detalles Bibliográficos
Autor principal: Strähle, Juraj
Formato: Capítulo de libro
Lenguaje:eslovaco
Materias:
Etiquetas: Agregar Etiqueta
Sin Etiquetas, Sea el primero en etiquetar este registro!

MARC

LEADER 00000naa a2200000 4500
001 r042999
005 20230919115804.7
041 0 |a slo 
044 |a SK 
245 1 0 |a Založenie a vznik spoločnosti s ručením obmedzeným  |c Juraj Strähle 
520 |a Podnikanie formou spol. s r.o. Charakteristické znaky spol. s r.o. Založenie a vznik spol. s r.o. Postavenie spoločnosti v období medzi jej založením a vznikom. Spoločenská zmluva a jej obsah. Obchodné meno spoločnosti. Práva a povinnosti spoločníkov. 
610 2 0 |a spoločnosti s r.o. 
610 2 0 |a podnikanie 
610 2 0 |a podnikatelia 
610 2 0 |a zmluvy spoločenské 
610 2 0 |a spoločníci 
610 2 0 |a úpravy právne 
100 1 |a Strähle, Juraj